| 000 | 01030nam a2200265Ia 4500 | ||
|---|---|---|---|
| 003 | OSt | ||
| 005 | 20221005104207.0 | ||
| 006 | a|||||r|||| 00| 0 | ||
| 007 | ta | ||
| 008 | 221004b |||||||| |||| 00| 0 hin d | ||
| 020 |
_a9788183152938 (hbk) _cINR 1000.00 |
||
| 024 | _a34168 | ||
| 037 |
_b133, 14/09/2017, Eastern Book Linkers _cTextual |
||
| 040 |
_aCRL _cCRL _bhin |
||
| 041 |
_2hin _ahin |
||
| 082 | _aQ3, 152Q7 | ||
| 100 | _aस›ीतश्री, ले. | ||
| 245 | 0 | _aजैन श्रमण वाङ्मयः आरम्भ से 16 वीं शताब्दी तक | |
| 246 | _aJain shramaṇ vānmayah ārambha se 16 vīan shatābdī taka | ||
| 260 |
_aदिल्ली _bन्यू भारतीय बुक कॉरपोरेशन भारत _c2017 |
||
| 300 |
_a622पृ0 _ccm. |
||
| 650 | _aजैन धर्म | ||
| 942 |
_hQ3, 152Q7 _cTEXL _2cc |
||
| 999 |
_c1011996 _d1011996 |
||